000 01028cam a2200277 4500
008 090401t1995 xxu||||| |||| 00| 0 eng d
020 _a0421455500
035 _a(Sirsi) u10413
041 _aeng
050 _a346.4104344
100 _aBernstein, Ronald
245 _aEssentials of rent review.
260 _aLondon
_bSweet and Maxwell
_c1995
300 _axxi,263p. ; 25cm.
350 _a40
520 _aPublished in collaboration with the RICS, the book provides a comprehensive overview of the law and practice of rent review including a worked example of a typical shop arbitration. Consultant on valuation matters: David Yorke.
650 _aMANAGEMENT-DISPUTE AVOIDANCE, MANAGEMENT AND RESOLUTION-DISPUTE MANAGEMENT AND RESOLUTION-ARBITRATION
650 _aDETERMINATION
650 _aRENT REVIEWS
650 _aROYAL INSTITUTION OF CHARTTERED SURVEYORS
650 _aValuation
_96273
690 _aLANDLORD AND TENANT-RENT REVIEWS
700 _aReynolds, Kirk
942 _n0
948 _c04/03/1997
999 _c86741
_d86741